ბათუმის შოთა რუსთაველის სახელმწიფო უნივერსიტეტის ბიბლიოთეკა

ეს ქალაქი ვისია?! (ბიბ.ჩანაწერი № 43015)

000 -LEADER
fixed length control field 00744nam a2200241Ia 4500
001 - CONTROL NUMBER
control field 9734
003 - CONTROL NUMBER IDENTIFIER
control field GE_BSU
008 - FIXED-LENGTH DATA ELEMENTS--GENERAL INFORMATION
fixed length control field 181216s||||||||xx |||||||||||||| ||und||
040 ## - CATALOGING SOURCE
Transcribing agency GE_BSU
080 ## - UNIVERSAL DECIMAL CLASSIFICATION NUMBER
Universal Decimal Classification number 82-93:821.353.1-1
100 ## - MAIN ENTRY--PERSONAL NAME
Personal name ნიქაბაძე,ჯანსუღ
245 ## - TITLE STATEMENT
Title ეს ქალაქი ვისია?!
245 ## - TITLE STATEMENT
Remainder of title ლექსები
245 ## - TITLE STATEMENT
Statement of responsibility, etc. რედ:ჯ.ბაჯელიძე;მხატვ:.ზაურ დეისაძე
260 ## - PUBLICATION, DISTRIBUTION, ETC.
Place of publication, distribution, etc. თბილისი.
260 ## - PUBLICATION, DISTRIBUTION, ETC.
Name of publisher, distributor, etc. ნაკადული.
260 ## - PUBLICATION, DISTRIBUTION, ETC.
Date of publication, distribution, etc. 1988
300 ## - PHYSICAL DESCRIPTION
Extent 253გვ;21სმ
300 ## - PHYSICAL DESCRIPTION
Other physical details ილ.
653 ## - INDEX TERM--UNCONTROLLED
Uncontrolled term ეს ქალაქი ვისია?!
653 ## - INDEX TERM--UNCONTROLLED
Uncontrolled term ლექსები
942 ## - ADDED ENTRY ELEMENTS (KOHA)
Koha item type წიგნი
ეგზემპლარები
Withdrawn status Lost status Damaged status Not for loan Date acquired Barcode Date last seen Price effective from Koha item type
        2018-12-17 32965 2018-12-17 2018-12-17 წიგნი
        2018-12-17 32966 2018-12-17 2018-12-17 წიგნი
        2018-12-17 32967 2018-12-17 2018-12-17 წიგნი
        2018-12-17 32968 2018-12-17 2018-12-17 წიგნი
        2018-12-17 32969 2018-12-17 2018-12-17 წიგნი
        2018-12-17 32970 2018-12-17 2018-12-17 წიგნი